000 00330nam a22001337a 4500
008 250506b |||||||| |||| 00| 0 eng d
020 _a0155034723
050 _aN7430
_b.H63
100 _aJACK A. Hobbs.
245 _aArt in Context
260 _aSan Diego
_bHarcourt Brace Jovanovich
_c1991
300 _axii, 460 p'
942 _cBK
999 _c3317
_d3317